Zdravotnícki pracovníci a fajčenie

Bibliographic Details
Main Authors: Strelka, Jozef, 1921-2001 (Author), Pleško, Ivan, 1930-2016 (Author), Siracká, Eva, 1926-2023 (Author)
Format: Article
Language:Slovak
PhysicalDescription:Res. angl., nem., slov., lit. 20 zázn. v angl. češ., slov.
ISSN:1335-0234
Subjects:

MARC

LEADER 00000nab a2200000 a 4500
001 vtls000546904
003 SK-MaSNL
005 20260304090333.0
008 250425c1995 xo 0 slo
015 |a SNBRB19rr/mm-uuuuu 
035 |a CL0547042 
035 |a urn:nbn:sk:snk-abdy9 
035 |a (urnnbn)urn:nbn:sk:snk:ar-a055vr 
035 |a (uuid)25219896-12a1-4913-a8d2-785e32b75d03 
040 |a SNKBUCL  |b slo  |c SNKBUCL  |e AACR2 
041 0 |a slo 
044 |a xo  |c SK 
080 |a 613.84:614.253.5:614.23  |2 1981 
080 |a 614.253.5  |2 1981 
080 |a 614.23  |2 1981 
100 1 |a Strelka, Jozef,  |d 1921-2001  |4 aut  |9 39983 
245 1 0 |a Zdravotnícki pracovníci a fajčenie  |c Jozef Strelka, Ivan Pleško, Eva Siracká 
300 |b Res. angl., nem., slov., lit. 20 zázn. v angl. češ., slov. 
650 0 7 |a fajčenie  |2 snkbucl  |9 2509 
650 0 7 |a pracovníci zdravotnícki  |2 snkbucl  |9 393716 
655 7 |a články z novín a časopisov  |2 snkbucl  |9 267496 
700 1 |a Pleško, Ivan,  |d 1930-2016  |4 aut  |9 165500 
700 1 |a Siracká, Eva,  |d 1926-2023  |4 aut  |9 191171 
773 0 |t Slovenský lekár  |g Roč. 5 (19), č. 3 (1995), s. 30-33  |x 1335-0234 
850 |a Slovenská národná knižnica 
852 |a Slovenská národná knižnica 
954 |a odborná, vedecká literatúra pôvodná (slovenská)  |2 lita 
958 |a article27 
958 |a NB 
958 |a RK 
958 |a MI 
958 |a OND 
958 |a EUIPO 
992 |a RBX 
999 |c 2811142  |d 2813072